01878nam a22002657a 450000500170000000700150001700800410003202000220007303500100009504000090010510000350011424502090014925600240035826000580038230000280044050006570046850602700112565000330139570000260142870000290145470000270148370000230151074000380153385600410157120240305165635.0cr|||| ||| 220712s2022 co |||||s|||| 00||0 spa d a978-958-53906-3-8 a36693 avLex1 aChavarro Cadena, Jorge Enrique10aCartilla Declaración de Renta Personas Jurídicas 2022h[Recurso electrónico] /cJorge Enrique Chavarro Cadena, César E. Anzola A., Edgar A. Castañeda M., Andrés E. Moreno A., Nancy Aragón R. aServicio en línea aBogotá:bGrupo Editorial Nueva Legislación,c2022 a1 recurso electrónico aLa presente cartilla ha sido elaborada para brindar mejor claridad acerca de las diferencias que surgen de la aplicación de normas contables y fiscales, lo cual conduce a un tratamiento especial al momento del cierre del ejercicio contable y fiscal, para efectos de la elaboración de la declaración de renta y patrimonio del respectivo año, ayudando también a recordar los asientos de cuentas de orden, por efectos de las mismas diferencias. Además introduce varios talleres con su respectivo diligenciamiento de la declaración de renta y complementarios, talleres para Personas Jurídicas. Formulario 110 con su aplicación práctica.1 aDisponible solo en los productos indicadosdvLex GlobaldvLex Global (Academic Edition, excluding Law Schools)dvLex Global (U.S. Academic Edition, Law Schools)dvLex Global (U.S. Academic Edition, excluding Law Schools)dvLex Global (Academic Edition, Law Schools)04aDerecho TributariozColombia1 aAnzola A., César E.1 aCastañeda M., Edgar A.1 aMoreno A., Andrés E.1 aAragón R., Nancy0 avLex Libros (Servicio en línea)40uhttps://app.vlex.com/#/sources/36693